Reforma da Previdn̊cia Entenda Ponto a Ponto /

Bibliographic Details
Main Author: Batista Barbosa, Washington Lus̕
Other Authors: De Castro Mendonȧ, Carlos Alexandre
Format: eBook
Language:Portuguese
Published: San Pablo: LTR, 2019
Subjects:
Online Access:Acceso restringido

MARC

LEADER 00000nam a22000007a 4500
005 20220408234749.0
007 cr|||| ||||
008 220408s2019 br |||||s|||| 00||0 por d
020 |a 978-85-301-0139-8 
035 |a 36065 
040 |a vLex 
090 |c 13147  |d 13147 
100 1 |a Batista Barbosa, Washington Lus̕ 
245 1 0 |a  Reforma da Previdn̊cia  |h [Recurso electrn̤ico] :  |b Entenda Ponto a Ponto /  |c Washington Lus̕ Batista Barbosa, Carlos Alexandre De Castro Mendonȧ 
256 |a Servicio en ln̕ea 
260 |a San Pablo:  |b LTR,  |c 2019 
300 |a 1 recurso electrn̤ico 
500 |a A Emenda Constitucional alterou significativamente as normas constitucionais, e porque nô dizer, infraconstitucionais, previdencir̀ias. O Regime Prp̤rio e o Regime Geral da Previdn̊cia Social buscam a unificaȯ̂ de seus benefc̕ios e requisitos. Esta obra apresenta as mudanȧs promovidas pela Reforma da Previdn̊cia/2019, promove o cotejo entre a legislaȯ̂ anteriormente vigente e analisa os impactos da implementaȯ̂ do novo ordenamento jurd̕ico previdencir̀io nacional. Trata-se de obra fundamental para o advogado que necessita atualizar-se sobre a matřia Previdencir̀ia, para professores e alunos. Nesta obra, de leitura acessv̕el, objetiva e clara, serô examinadas as alteraė̳s das normas previdencir̀ias e as relevantes mudanȧs trazidas pela Emenda Constitucional. Indispensv̀el para quem tem interesse no futuro do Direito Previdencir̀io no Brasil. J ̀contempla as Leis 13.846, 13.847 e 13.876/2019, assim como o Projeto de Lei 1.649/2019, que prope̳ medidas para o combate ao devedor contumaz e para o fortalecimento da cobranȧ da dv̕ida previdencir̀ia. 
506 1 |a Disponible solo en los productos indicados  |d vLex Global  |d vLex Global (Academic Edition, excluding Law Schools)  |d vLex Global (U.S. Academic Edition, Law Schools)  |d vLex Global (U.S. Academic Edition, excluding Law Schools)  |d vLex Global (Academic Edition, Law Schools) 
650 0 4 |a Seguridad Social  |z Brasil 
700 1 |a De Castro Mendonȧ, Carlos Alexandre 
740 0 |a vLex Libros (Servicio en ln̕ea) 
856 4 0 |u https://app.vlex.com/#/sources/36065  |z Acceso restringido 
942 |c BOOK 
999 0 |a Social Security